000 00319nam a2200133Ia 4500
005 20260328101445.0
008 260328s9999||||xx |||||||||||||| ||und||
100 _aQuoniam, Pierre
245 0 _aEl Louvre /
_cPierre Quoniam
260 _bEditions Des Musees Nationaux
300 _a95 p.
650 _aARTE
942 _cBK
999 _c8437
_d8437